000
00320nam a2200121Ia 4500
008
240624s9999 xx 000 0 und d
041
_a
eng
082
_a
658.8342 MUK
100
_a
MUKHERJEE SRABANTI
245
_a
CONSUMER BEHAVIOUR
260
_c
2012
_a
New Delhi
_b
Cengage Learning
300
_a
xxi, : 448 : p. : cm. ; 23
999
_c
24237
_d
24237